LEADER 01017nam0-22003611i-450 001 990003346260403321 005 20171106111748.0 035 $a000334626 100 $a20030910d1978----km-y0itay50------ba 101 0 $aita 105 $ay-------001yy 200 1 $aRetorica e storia$fHaiden White$gtraduzione di Pasquale Vitulano 210 $aNapoli$cGuida$dstampa 1978 215 $a2 v. 225 1 $aTascabili$v19$v20 610 0 $aFilosofia della storia$aSec 19. 610 0 $aStoriografia 676 $a901 676 $a907.2 700 1$aWhite,$bHayden V.$f<1928- >$0211362 801 0$aIT$bUNINA$gRICA$2UNIMARC 901 $aBK 912 $a990003346260403321 952 $a901 WHI$bLINGUE 860$fDECLI 952 $a901 WHI /2$bLINGUE 861$fDECLI 952 $aDIC WHI 1$fBFS$b1037 952 $a907.2 WHI 1 (1)$bFIL CLASS 466A$fFLFBC 952 $a907.2 WHI 1 (2)$bFIL CLASS 466B$fFLFBC 959 $aDECLI 959 $aBFS 959 $aFLFBC 996 $aMetahistory$920059 997 $aUNINA LEADER 01650nam 2200409 n 450 001 996395421703316 005 20200818210435.0 035 $a(CKB)4330000000323953 035 $a(EEBO)2264223039 035 $a(UnM)99854378e 035 $a(UnM)99854378 035 $a(EXLCZ)994330000000323953 100 $a19920721d1638 uy | 101 0 $aeng 135 $aurbn||||a|bb| 200 10$aArticles of enquiry and direction for the diocese of Norwich$b[electronic resource] $ein the first visitation of the Reverend Father in God, Richard Mountaigu Bishop of that diocese. Anno Dom. 1638. Et translationis suæ, anno 1? 210 $aLondon $cPrinted by E[lizabeth] P[urslowe] for Henry Seile$d1638 215 $a[28] p 300 $aPrinter's name from STC. 300 $aSignatures: A-C4, D2. 300 $aIn this edition, B1r line 4 ends "lower"; C1r line 7 ends "P?ni-". 300 $aIdentified as STC 10299 on UMI microfilm, reel 1379. 300 $aReproductions of the originals in the Eton College Library and the Bodleian Library. 300 $aEton College copy is mixed: quire C is from STC 10299. 300 $aAppears at reel 1379 (Eton College copy) and at reel 1850 (Bodleian copy). 330 $aeebo-0216 606 $aVisitations, Ecclesiastical$zEngland$zNorwich 615 0$aVisitations, Ecclesiastical 701 $aMontagu$b Richard$f1577-1641.$01001493 801 0$bCu-RivES 801 1$bCu-RivES 801 2$bCStRLIN 801 2$bWaOLN 906 $aBOOK 912 $a996395421703316 996 $aArticles of enquiry and direction for the diocese of Norwich$92306129 997 $aUNISA LEADER 03291nam 22006972 450 001 9910780289503321 005 20151005020621.0 010 $a1-107-13005-0 010 $a0-511-14808-9 010 $a0-511-48702-9 010 $a0-511-04719-3 010 $a0-511-33021-9 010 $a0-511-17767-4 010 $a0-521-79294-0 010 $a1-280-43296-9 035 $a(CKB)111082128285900 035 $a(EBL)201393 035 $a(OCoLC)475914766 035 $a(SSID)ssj0000188869 035 $a(PQKBManifestationID)11171975 035 $a(PQKBTitleCode)TC0000188869 035 $a(PQKBWorkID)10156377 035 $a(PQKB)11124715 035 $a(UkCbUP)CR9780511487026 035 $a(MiAaPQ)EBC201393 035 $a(Au-PeEL)EBL201393 035 $a(CaPaEBR)ebr10021350 035 $a(CaONFJC)MIL43296 035 $a(EXLCZ)99111082128285900 100 $a20090226d2002|||| uy| 0 101 0 $aeng 135 $aur||||||||||| 181 $ctxt$2rdacontent 182 $cc$2rdamedia 183 $acr$2rdacarrier 200 10$aLanguage and literary structure $ethe linguistic analysis of form in verse and narrative /$fNigel Fabb$b[electronic resource] 210 1$aCambridge :$cCambridge University Press,$d2002. 215 $a1 online resource (x, 230 pages) $cdigital, PDF file(s) 300 $aTitle from publisher's bibliographic system (viewed on 05 Oct 2015). 311 $a0-521-79698-9 311 $a0-511-02031-7 320 $aIncludes bibliographical references (p. 216-226) and indexes. 327 $a1. Literary form -- 2. Generated metrical form -- 3. Communicated form -- 4. The communication of metre -- 5. Lines -- 6. Line-groups in metrical verse and in narrative -- 7. Complexity. 330 $aHow does a literary text get to have literary form, and what is the relation between literary form and linguistic form? This theoretical study of linguistic structure in literature focuses on verse and narrative from a linguistic perspective. Nigel Fabb provides a simple and realistic linguistic explanation of poetic form in English from 1500-1900, drawing on the English and American verse and oral narrative tradition, as well as contemporary criticism. In recent years literary theory has paid relatively little attention to form; this book argues that form is interesting. Fabb offers a new linguistic approach to how metre and rhythm work in poetry, based on pragmatic theory and provides a pragmatic explanation of formal ambiguity and indeterminacy and their aesthetic effects. He also uses linguistics to examine the experience of poetry. Language and Literary Structure will be welcomed by students and researchers in linguistics, literary theory and stylistics. 517 3 $aLanguage & Literary Structure 606 $aEnglish language$xVersification 606 $aNarration (Rhetoric) 606 $aLiterary form 606 $aPoetics 615 0$aEnglish language$xVersification. 615 0$aNarration (Rhetoric) 615 0$aLiterary form. 615 0$aPoetics. 676 $a421/.6 700 $aFabb$b Nigel$0132891 801 0$bUkCbUP 801 1$bUkCbUP 906 $aBOOK 912 $a9910780289503321 996 $aLanguage and literary structure$9668729 997 $aUNINA LEADER 03682nam 2200829z- 450 001 9910557430003321 005 20210501 035 $a(CKB)5400000000043423 035 $a(oapen)https://directory.doabooks.org/handle/20.500.12854/68640 035 $a(oapen)doab68640 035 $a(EXLCZ)995400000000043423 100 $a20202105d2020 |y 0 101 0 $aeng 135 $aurmn|---annan 181 $ctxt$2rdacontent 182 $cc$2rdamedia 183 $acr$2rdacarrier 200 00$aAdvanced Catalysis in Hydrogen Production from Formic Acid and Methanol 210 $aBasel, Switzerland$cMDPI - Multidisciplinary Digital Publishing Institute$d2020 215 $a1 online resource (122 p.) 311 08$a3-03936-380-8 311 08$a3-03936-381-6 330 $aThis Special Issue is related to studies of the hydrogen production from formic acid decomposition. It is based on five research papers and two reviews. The reviews discuss the liquid phase formic acid decomposition over bimetallic (PdAg), molecular (Ru, Ir, Fe, Co), and heterogenized molecular catalysts. The gas-phase reaction is studied over highly dispersed Pd, Pt, Au, Cu, and Ni supported catalysts. It is shown that the nature of the catalyst's support plays an important role for the reaction. Thus, N-doping of the carbon support provides a significant promotional effect. One of the reasons for the high activity of the N-doped catalysts is the formation of single-atom active sites stabilized by pyridinic N species present in the support. It is demonstrated that carbon materials can be N-doped in different ways. It can be performed either directly from N-containing compounds during the carbon synthesis or by a post-synthetic deposition of N-containing compounds on the carbon support with known properties. The Issue could be useful for specialists in catalysis and nanomaterials as well as for graduate students studying chemistry and chemical engineering. The reported results can be applied for development of catalysts for the hydrogen production from different liquid organic hydrogen carriers. 606 $aTechnology: general issues$2bicssc 610 $aadditive 610 $aAgPd 610 $aalloy 610 $aamine 610 $abimetallic nanoparticles 610 $abipyridine 610 $acarbon nanofibers 610 $acarbon nanotubes 610 $aco-catalyst 610 $acopper catalyst 610 $aCuO-CeO2/?-Al2O3 610 $aformate 610 $aformic 610 $aformic acid 610 $aformic acid decomposition 610 $aformic acid dehydrogenation 610 $afuel cell 610 $afunctionalization 610 $ag-C3N4 610 $aheterogeneous catalysts 610 $ahybrid 610 $ahydrogen 610 $ahydrogen carrier 610 $ahydrogen energetics 610 $ahydrogen production 610 $amelamine 610 $amolecular catalyst 610 $amultifuel processor 610 $aN-doped carbon 610 $anano co-catalyst 610 $ananocatalyst 610 $anickel catalyst 610 $anitrogen doped 610 $anitrogen doping 610 $aoxygenates 610 $aPd/C 610 $aPdAg 610 $aphenanthroline 610 $aplatinum 610 $aporous carbon support 610 $asupported gold catalysts 615 7$aTechnology: general issues 700 $aBulushev$b Dmitri A$4edt$01278409 702 $aBulushev$b Dmitri A$4oth 906 $aBOOK 912 $a9910557430003321 996 $aAdvanced Catalysis in Hydrogen Production from Formic Acid and Methanol$93033869 997 $aUNINA